000 00568nam a2200229Ia 4500
003 OSt
005 20220918192551.0
006 a|||||r|||| 00| 0
007 ta
008 220917b |||||||| |||| 00| 0 eng d
024 _a69,050
037 _cTextual
040 _aARTS
_cARTS
_beng
041 _2eng
_aeng
082 _aR3:Q2:31, G5
100 _aAbhedananda
_944350
245 0 _aVedanta philosophy
_b divine heritage of man
250 _a6th
260 _c1935
942 _hR3:Q2:31, G5
_cTEXL
_2CC
999 _c195213
_d195213